[Event "COL-ch sf3 U18"]
[White "Macias Chavarro, Manuela"]
[Black "Suaza Sanabria, Jose Luis"]
[Site "Bogota"]
[Round "3.13"]
[Result "1-0"]
[Date "2019.06.07"]
[WhiteElo "1648"]
[BlackElo "1484"]
[PlyCount "37"]
[EventDate "2019.06.06"]
[EventType "swiss"]
[EventRounds "6"]
[EventCountry "COL"]
[SourceTitle "EXT 2024"]
[Source "ChessBase"]
[SourceDate "2023.10.10"]
[SourceVersion "1"]
[SourceVersionDate "2023.10.10"]
[SourceQuality "1"]

1. e4 e6 2. Nf3 d5 3. e5 c5 4. b4 cxb4 5. a3 Nc6 6. axb4 Bxb4 7. c3 Bc5 8. d4 Bb6 9. Na3 a6 10. Nb5 Bc7 11. Nxc7+ Qxc7 12. Ba3 Nge7 13. Bd3 0-0 14. Ng5 h6 15. Bd6 Qd8 16. Qh5 Qe8 17. Nh7 Bd7 18. Nf6+ gxf6 19. Qxh6 1-0

[Event "COL-ch U18 sf1"]
[White "Suaza Sanabria, Jose Luis"]
[Black "Molina Rojas, Andrey Felipe"]
[Site "Ibague"]
[Round "6.8"]
[Result "1-0"]
[Date "2019.04.07"]
[WhiteElo "1475"]
[BlackElo "1423"]
[PlyCount "73"]
[EventDate "2019.04.04"]
[EventType "tourn"]
[EventRounds "6"]
[EventCountry "COL"]
[SourceTitle "EXT 2024"]
[Source "ChessBase"]
[SourceDate "2023.10.10"]
[SourceVersion "1"]
[SourceVersionDate "2023.10.10"]
[SourceQuality "1"]

1. d4 Nf6 2. e3 d5 3. Bd3 Nc6 4. f4 Bd7 5. c3 e6 6. Nf3 Bd6 7. Ne5 Bxe5 8. fxe5 Ne4 9. 0-0 0-0 10. Bxe4 dxe4 11. Nd2 f5 12. exf6 Rxf6 13. Nxe4 Rxf1+ 14. Qxf1 Ne7 15. Ng5 Nf5 16. e4 Nh6 17. Qc4 Qf6 18. Qxc7 Rf8 19. Nf3 Bc6 20. Bg5 Qf7 21. Qxf7+ Nxf7 22. Re1 Nxg5 23. Nxg5 Rf6 24. c4 h6 25. Nxe6 Rxe6 26. d5 Bxd5 27. cxd5 Rd6 28. Kf2 Kf7 29. Ke3 Kf6 30. Kd4 Ke7 31. e5 Rb6 32. b3 Rb4+ 33. Kc5 Rb6 34. d6+ Ke6 35. Rd1 Rc6+ 36. Kd4 Rb6 37. Ke3 1-0

[Event "COL-ch U18 sf1"]
[White "Suaza Sanabria, Jose Luis"]
[Black "Ruiz Orozco, Neider Santiago"]
[Site "Ibague"]
[Round "4.9"]
[Result "1/2-1/2"]
[Date "2019.04.06"]
[WhiteElo "1475"]
[BlackElo "1282"]
[PlyCount "73"]
[EventDate "2019.04.04"]
[EventType "tourn"]
[EventRounds "6"]
[EventCountry "COL"]
[SourceTitle "EXT 2024"]
[Source "ChessBase"]
[SourceDate "2023.10.10"]
[SourceVersion "1"]
[SourceVersionDate "2023.10.10"]
[SourceQuality "1"]

1. d4 Nf6 2. e3 e6 3. Bd3 d5 4. f4 c5 5. c3 b6 6. Nf3 Be7 7. 0-0 0-0 8. Nbd2 Ba6 9. Bxa6 Nxa6 10. Ne5 Nd7 11. Qh5 Nxe5 12. fxe5 Qe8 13. e4 dxe4 14. Nxe4 f5 15. Qxe8 Rfxe8 16. Ng5 Bxg5 17. Bxg5 cxd4 18. cxd4 h6 19. Bd2 Red8 20. Bc3 Nc7 21. a4 Rac8 22. Rac1 Nd5 23. Bd2 g5 24. g3 Nc7 25. a5 Nb5 26. axb6 axb6 27. Rxc8 Rxc8 28. Be3 Rc2 29. Rf2 Rxf2 30. Kxf2 Kg7 31. Ke2 Nc7 32. Kd3 b5 33. h3 Nd5 34. Bd2 Kg6 35. Be3 Nb4+ 36. Kc3 Nd5+ 37. Kd3 1/2-1/2

[Event "COL-ch U18 sf1"]
[White "Mosquera Orjuela, Johan Esteban"]
[Black "Suaza Sanabria, Jose Luis"]
[Site "Ibague"]
[Round "3.8"]
[Result "1-0"]
[Date "2019.04.05"]
[WhiteElo "1494"]
[BlackElo "1475"]
[PlyCount "65"]
[EventDate "2019.04.04"]
[EventType "tourn"]
[EventRounds "6"]
[EventCountry "COL"]
[SourceTitle "EXT 2024"]
[Source "ChessBase"]
[SourceDate "2023.10.10"]
[SourceVersion "1"]
[SourceVersionDate "2023.10.10"]
[SourceQuality "1"]

1. c4 Nf6 2. Nc3 g6 3. g3 Bg7 4. Bg2 0-0 5. d3 e6 6. e4 Nc6 7. Nge2 d6 8. Rb1 a5 9. a3 Ne7 10. b4 axb4 11. axb4 d5 12. Bf4 Nh5 13. Be3 Bxc3+ 14. Nxc3 d4 15. Bh6 dxc3 16. Bxf8 Kxf8 17. Qc2 Ra3 18. 0-0 Nc6 19. Qc1 Ra2 20. Qxc3 Nd4 21. Kh1 Nf6 22. e5 Ng4 23. Rb2 Rxb2 24. Qxb2 Nxe5 25. Qc3 Nef3 26. Bxf3 Nxf3 27. Kg2 Ng5 28. h4 e5 29. hxg5 Qxg5 30. Re1 f6 31. d4 Qh5 32. Rh1 Bh3+ 33. Rxh3 1-0

[Event "COL-ch U18 sf1"]
[White "Alvarez Angel, Nelson Eduardo"]
[Black "Suaza Sanabria, Jose Luis"]
[Site "Ibague"]
[Round "1.1"]
[Result "1-0"]
[Date "2019.04.04"]
[WhiteElo "1974"]
[BlackElo "1475"]
[PlyCount "21"]
[EventDate "2019.04.04"]
[EventType "tourn"]
[EventRounds "6"]
[EventCountry "COL"]
[SourceTitle "EXT 2024"]
[Source "ChessBase"]
[SourceDate "2023.10.10"]
[SourceVersion "1"]
[SourceVersionDate "2023.10.10"]
[SourceQuality "1"]

1. d4 d5 2. c4 Nf6 3. Nc3 Bf5 4. Bg5 c6 5. Bxf6 gxf6 6. Qb3 Qd7 7. cxd5 cxd5 8. e4 Bxe4 9. Nxe4 Qe6 10. Qxb7 Qxe4+ 11. Be2 1-0

[Event "Bogota sf2 U16"]
[White "Suaza Sanabria, Jose Luis"]
[Black "Barrios Gonzalez, Jesus David"]
[Site "Bogota"]
[Round "3.15"]
[Result "0-1"]
[Date "2018.03.30"]
[WhiteElo "1554"]
[BlackElo "1538"]
[PlyCount "46"]
[EventDate "2018.03.29"]
[EventType "swiss"]
[EventRounds "6"]
[EventCountry "COL"]
[SourceTitle "EXT 2024"]
[Source "ChessBase"]
[SourceDate "2023.10.10"]
[SourceVersion "1"]
[SourceVersionDate "2023.10.10"]
[SourceQuality "1"]

1. d4 Nf6 2. e3 d6 3. Nf3 Nbd7 4. c4 b6 5. Nc3 e5 6. Be2 Be7 7. d5 a5 8. Qc2 0-0 9. 0-0 Nc5 10. e4 Ne8 11. Be3 g6 12. Bh6 Ng7 13. a3 f5 14. b4 axb4 15. axb4 Rxa1 16. Rxa1 Nxe4 17. Nxe4 fxe4 18. Qxe4 Bf5 19. Qe3 Bf6 20. Bd3 e4 21. Nd4 exd3 22. Rd1 Re8 23. Qf4 Re4 0-1

[Event "COL-ch U18 sf2"]
[White "Gallego, Julian Andres"]
[Black "Suaza Sanabria, Jose Luis"]
[Site "Ibague"]
[Round "1.1"]
[Result "1-0"]
[Date "2018.03.22"]
[WhiteElo "2187"]
[BlackElo "1554"]
[PlyCount "39"]
[EventDate "2018.03.22"]
[EventType "swiss"]
[EventRounds "6"]
[EventCountry "COL"]
[SourceTitle "EXT 2024"]
[Source "ChessBase"]
[SourceDate "2023.10.10"]
[SourceVersion "1"]
[SourceVersionDate "2023.10.10"]
[SourceQuality "1"]

1. d4 d5 2. c4 e6 3. Nc3 Nf6 4. Nf3 Bd6 5. Bg5 c6 6. Qc2 Nbd7 7. e3 Nf8 8. Bd3 Ng6 9. c5 Bc7 10. e4 e5 11. exd5 exd4 12. Bxf6 gxf6 13. Nxd4 Qe7+ 14. Qe2 Qxe2+ 15. Ndxe2 cxd5 16. Nxd5 Be5 17. 0-0-0 Bd7 18. Bxg6 fxg6 19. f4 Bg4 20. Rhe1 1-0

[Event "Zipaquira sf3 U16"]
[White "Suaza Sanabria, Jose Luis"]
[Black "Rincon, Duban Felipe"]
[Site "Zipaquira"]
[Round "4.9"]
[Result "0-1"]
[Date "2017.04.01"]
[WhiteElo "1610"]
[BlackElo "1386"]
[PlyCount "62"]
[EventDate "2017.03.30"]
[EventType "swiss"]
[EventRounds "6"]
[EventCountry "COL"]
[SourceTitle "EXT 2024"]
[Source "ChessBase"]
[SourceDate "2023.10.10"]
[SourceVersion "1"]
[SourceVersionDate "2023.10.10"]
[SourceQuality "1"]

1. d4 d5 2. c4 e6 3. f4 c6 4. Nc3 Nf6 5. a3 Nbd7 6. Nf3 b6 7. e3 Bb7 8. Bd3 Be7 9. 0-0 0-0 10. Bd2 c5 11. cxd5 Nxd5 12. Qc2 N5f6 13. Rac1 Rc8 14. Qb1 h6 15. Ne4 Nxe4 16. Bxe4 Ba6 17. Rfd1 Nf6 18. Bc2 Be2 19. Re1 Bxf3 20. gxf3 cxd4 21. Rcd1 dxe3 22. Bxe3 Qc7 23. Rc1 Qb7 24. Kf2 Nd5 25. Kg2 Nxe3+ 26. Rxe3 Rfd8 27. Rce1 Qc7 28. Rc3 Qxf4 29. Rxc8 Rxc8 30. Bb3 Qd2+ 31. Kh1 Bd6 0-1

[Event "Zipaquira sf3 U16"]
[White "Valenciano M, Santiago"]
[Black "Suaza Sanabria, Jose Luis"]
[Site "Zipaquira"]
[Round "1.8"]
[Result "0-1"]
[Date "2017.03.30"]
[WhiteElo "1152"]
[BlackElo "1610"]
[PlyCount "58"]
[EventDate "2017.03.30"]
[EventType "swiss"]
[EventRounds "6"]
[EventCountry "COL"]
[SourceTitle "EXT 2024"]
[Source "ChessBase"]
[SourceDate "2023.10.10"]
[SourceVersion "1"]
[SourceVersionDate "2023.10.10"]
[SourceQuality "1"]

1. e4 e6 2. d4 d5 3. exd5 exd5 4. Nf3 Bf5 5. Bf4 Bd6 6. Bxd6 Qxd6 7. c3 Nd7 8. Bd3 Qe6+ 9. Be2 Ngf6 10. 0-0 0-0 11. Bd3 Bxd3 12. Qxd3 Ne4 13. Nbd2 Ndf6 14. Rae1 Rfe8 15. Re3 Qd6 16. Ne5 Nxd2 17. Qxd2 Ne4 18. Qd3 Re6 19. f3 Nf6 20. f4 Ne4 21. Rff3 Rae8 22. Rh3 Rf6 23. Rh4 Rh6 24. Rxh6 Qxh6 25. f5 Qg5 26. Rf3 Qc1+ 27. Rf1 Qxb2 28. Rb1 Qf2+ 29. Kh1 Qxa2 0-1

[Event "COL-ch sf2 U18 m"]
[White "Calderon Zuta, Nicolas"]
[Black "Suaza Sanabria, Jose Luis"]
[Site "Bogota"]
[Round "3.5"]
[Result "1-0"]
[Date "2016.05.20"]
[WhiteElo "1860"]
[BlackElo "1600"]
[PlyCount "45"]
[EventDate "2016.05.19"]
[EventType "swiss"]
[EventRounds "6"]
[EventCountry "COL"]
[SourceTitle "EXT 2024"]
[Source "ChessBase"]
[SourceDate "2023.10.10"]
[SourceVersion "1"]
[SourceVersionDate "2023.10.10"]
[SourceQuality "1"]

1. e4 e6 2. d4 d5 3. Nd2 Nf6 4. e5 Nfd7 5. f4 c5 6. c3 Nc6 7. Ngf3 Qb6 8. Nb3 cxd4 9. cxd4 Bb4+ 10. Bd2 0-0 11. Bd3 f6 12. 0-0 fxe5 13. Bxb4 Qxb4 14. fxe5 Qb6 15. Kh1 h6 16. Qd2 Qc7 17. Rac1 Nb6 18. g4 Qe7 19. g5 hxg5 20. Nxg5 Bd7 21. Qg2 Be8 22. Qh3 g6 23. Rxf8+ 1-0

[Event "COL-ch sf2 U18 m"]
[White "Hernandez Jimenez, Jeronimo"]
[Black "Suaza Sanabria, Jose Luis"]
[Site "Bogota"]
[Round "2.8"]
[Result "0-1"]
[Date "2016.05.20"]
[WhiteElo "1598"]
[BlackElo "1600"]
[PlyCount "74"]
[EventDate "2016.05.19"]
[EventType "swiss"]
[EventRounds "6"]
[EventCountry "COL"]
[SourceTitle "EXT 2024"]
[Source "ChessBase"]
[SourceDate "2023.10.10"]
[SourceVersion "1"]
[SourceVersionDate "2023.10.10"]
[SourceQuality "1"]

1. e4 e6 2. d4 d5 3. Nd2 Nf6 4. e5 Nfd7 5. Bd3 c5 6. c3 Nc6 7. Ne2 Qb6 8. Nf3 cxd4 9. cxd4 Bb4+ 10. Bd2 0-0 11. 0-0 f6 12. exf6 Nxf6 13. a3 Bd6 14. Qc2 h6 15. Rfe1 Bd7 16. h3 Rac8 17. Qb1 Na5 18. Bxa5 Qxa5 19. b4 Qb6 20. Qb3 Rc7 21. Rab1 Bb5 22. Bxb5 Qxb5 23. Nc3 Qc4 24. Qxc4 Rxc4 25. Nb5 Bb8 26. a4 a6 27. Na3 Rc3 28. Ra1 Re8 29. b5 Bd6 30. Nb1 Rb3 31. Nbd2 Rb2 32. Rab1 Rb4 33. Rxb4 Bxb4 34. Rb1 a5 35. Nb3 Ne4 36. Kf1 Rc8 37. Ke2 Nc3+ 0-1

[Event "South Region-ch U12"]
[White "Diaz, Luisa Fernanda"]
[Black "Suaza Sanabria, Jose Luis"]
[Site "Florencia"]
[Round "3.6"]
[Result "1-0"]
[Date "2014.05.16"]
[WhiteElo "1359"]
[BlackElo "1404"]
[PlyCount "53"]
[EventDate "2014.05.15"]
[EventType "swiss"]
[EventRounds "5"]
[EventCountry "COL"]
[SourceTitle "EXT 2024"]
[Source "ChessBase"]
[SourceDate "2023.10.10"]
[SourceVersion "1"]
[SourceVersionDate "2023.10.10"]
[SourceQuality "1"]

1. e4 e6 2. d4 d5 3. e5 c5 4. c3 Nc6 5. Nf3 Qb6 6. Bd3 cxd4 7. Nxd4 Nxe5 8. Bb5+ Bd7 9. Bxd7+ Nxd7 10. b3 Bc5 11. Be3 Ngf6 12. Nd2 0-0 13. N2f3 Rac8 14. Qd3 a6 15. b4 Bd6 16. Nxe6 Qc6 17. Nxf8 Kxf8 18. Rc1 Re8 19. 0-0 Ne5 20. Nxe5 Bxe5 21. Bd4 Bf4 22. Rcd1 h6 23. Bxf6 Qxf6 24. Qxd5 Qxc3 25. Qxb7 Qa3 26. Rfe1 Rxe1+ 27. Rxe1 1-0